<?xml version="1.0" encoding="UTF-8"?>
<collection xmlns="http://www.loc.gov/MARC21/slim">
 <record>
  <leader>01664nam a2200181Ia 4500</leader>
  <controlfield tag="001">CTU_141338</controlfield>
  <controlfield tag="008">210402s9999    xx            000 0 und d</controlfield>
  <datafield tag="082" ind1=" " ind2=" ">
   <subfield code="a">917.304927</subfield>
  </datafield>
  <datafield tag="082" ind1=" " ind2=" ">
   <subfield code="b">F932</subfield>
  </datafield>
  <datafield tag="245" ind1=" " ind2="0">
   <subfield code="a">Frommer's USA</subfield>
  </datafield>
  <datafield tag="245" ind1=" " ind2="0">
   <subfield code="c">Edited and compiled by Bill Goodwin</subfield>
  </datafield>
  <datafield tag="260" ind1=" " ind2=" ">
   <subfield code="a">United States</subfield>
  </datafield>
  <datafield tag="260" ind1=" " ind2=" ">
   <subfield code="b">MacMillan</subfield>
  </datafield>
  <datafield tag="260" ind1=" " ind2=" ">
   <subfield code="c">1998</subfield>
  </datafield>
  <datafield tag="520" ind1=" " ind2=" ">
   <subfield code="a">Now appearing in our new format for the first time, this brand-new edition reflects all the wonderful Frommers domestic coverage thats appeared in the last two yearsall brought completely up to date for 1998. With almost 100 page of maps and wonderful scenic driving tours, Frommers U.S.A. has it all: the Grand Canyon, the California Wine Country, the Shenandoah Valley, Cape Cod, New Orleans, the Rockies, North Carolinas Outer Banks, Utahs spectacular national parks, and much, much moreall described in incredible detail. Weve chosen the very best hotels and restaurants throughout the country, with selections in every price range, and we havent skimped on shopping and nightlife. A special-interest vacation planner points you to the nations best outdoor adventures in and out of the national parks, plus ghost towns, foliage tours, learning vacations, and more.Here in one volume is the very best America has to offer: all major U.S. cities and resorts areas, plus the top national parks and monuments. Its a perfect choice for American travelers who want to explore all the wonders across their own country, and its indispensable for frequent business travelers and visitors from overseas.</subfield>
  </datafield>
  <datafield tag="650" ind1=" " ind2=" ">
   <subfield code="a">Hoa kỳ</subfield>
  </datafield>
  <datafield tag="904" ind1=" " ind2=" ">
   <subfield code="i">Trọng Hiếu</subfield>
  </datafield>
  <datafield tag="980" ind1=" " ind2=" ">
   <subfield code="a">Trung tâm Học liệu Trường Đại học Cần Thơ</subfield>
  </datafield>
 </record>
</collection>
